[Event "Chigorin Memorial 31st"]
[Site "St Petersburg"]
[Date "2024.10.30"]
[Round "5"]
[White "Polnikov, Ivan"]
[Black "Dudkina, Uliana"]
[Result "0-1"]
[WhiteElo "1730"]
[BlackElo "1914"]
[PlyCount "90"]
[EventDate "2024.10.26"]
[EventType "swiss"]
[EventRounds "9"]
[EventCountry "RUS"]
[SourceTitle "CB45_2024"]
[Source "ChessBase"]
[SourceDate "2024.11.06"]
[SourceVersion "1"]
[SourceVersionDate "2024.11.06"]
[SourceQuality "1"]

1. d4 Nf6 2. Nf3 d5 3. e3 c5 4. c4 cxd4 5. Nxd4 e5 6. Nf3 Nc6 7. Nc3 d4 8. exd4 exd4 9. Nb5 Bb4+ 10. Bd2 0-0 11. Bd3 Re8+ 12. Kf1 Bg4 13. Bxb4 Nxb4 14. Qd2 Nc6 15. Nfxd4 Nxd4 16. Nxd4 Qb6 17. Nb3 Rad8 18. Qc3 Rxd3 19. Qxd3 Be2+ 20. Qxe2 Rxe2 21. Kxe2 Qe6+ 22. Kd3 Qf5+ 23. Kc3 Ne4+ 24. Kb4 a5+ 25. Nxa5 Qc5+ 26. Ka4 b6 27. b4 Qc8 28. f3 Qd7+ 29. Ka3 Nd2 30. Rac1 bxa5 31. bxa5 Qd4 32. Rhe1 h5 33. c5 Qf4 34. a6 Nc4+ 35. Kb3 Na5+ 36. Ka3 Nc6 37. Kb2 Qa4 38. Re3 Qxa6 39. Rb3 Qe2+ 40. Rc2 Qe5+ 41. Rbc3 Qxh2 42. g4 Qb8+ 43. Kc1 h4 44. Rb3 Qf4+ 45. Kb1 h3 0-1